[Event "Palafrugell Gelpi Memorial 28th"]
[Site "Palafrugell"]
[Date "2015.??.??"]
[Round "3"]
[White "Bonell Gleich, Xavier"]
[Black "Carraminana Puig, Jordi"]
[Result "0-1"]
[WhiteElo "1815"]
[BlackElo "1937"]
[PlyCount "116"]
[EventDate "2015.09.26"]
[EventType "swiss"]
[EventRounds "9"]
[EventCountry "ESP"]
[SourceTitle "EXT 2017"]
[Source "ChessBase"]
[SourceDate "2016.10.25"]
[SourceVersion "1"]
[SourceVersionDate "2016.10.25"]
[SourceQuality "1"]

1. e4 e6 2. d4 d5 3. Nc3 Bb4 4. exd5 exd5 5. Nf3 Bg4 6. Qe2+ Ne7 7. h3 Bh5 8. Qb5+ Nbc6 9. Ne5 0-0 10. Be3 a6 11. Nxc6 Bxc3+ 12. bxc3 bxc6 13. Qd3 Bg6 14. Qd2 Rb8 15. Bxa6 Rb2 16. Bd3 Qa8 17. a4 Nf5 18. 0-0 Nxe3 19. Qxe3 Bxd3 20. Qxd3 Re8 21. a5 g6 22. a6 Qa7 23. Ra3 Reb8 24. Kh2 c5 25. dxc5 Qxc5 26. a7 Qxa3 27. axb8Q+ Rxb8 28. Qxd5 Qxc3 29. Qd3 Qe5+ 30. Kg1 c5 31. Rd1 Kg7 32. Qd6 Qxd6 33. Rxd6 Rb1+ 34. Kh2 Rc1 35. Rd2 h5 36. Kg3 Kf6 37. h4 Ke5 38. Kf3 f6 39. Ke3 g5 40. hxg5 fxg5 41. Re2 Rd1 42. f3 Rd4 43. g3 Ra4 44. Rh2 h4 45. gxh4 gxh4 46. Rf2 Ra3+ 47. Kd2 Kf4 48. Rf1 Rxf3 49. Re1 h3 50. Re8 h2 51. Rh8 Kg3 52. Ke2 Rf4 53. c3 Rh4 54. Rg8+ Kh3 55. Kf2 h1Q 56. Rg3+ Kh2 57. c4 Rf4+ 58. Ke2 Kxg3 0-1

[Event "Palafrugell Gelpi Memorial 28th"]
[Site "Palafrugell"]
[Date "2015.??.??"]
[Round "2"]
[White "Carraminana Puig, Jordi"]
[Black "Fernandez Garcia, Francesc"]
[Result "0-1"]
[WhiteElo "1937"]
[BlackElo "2219"]
[PlyCount "152"]
[EventDate "2015.09.26"]
[EventType "swiss"]
[EventRounds "9"]
[EventCountry "ESP"]
[SourceTitle "EXT 2017"]
[Source "ChessBase"]
[SourceDate "2016.10.25"]
[SourceVersion "1"]
[SourceVersionDate "2016.10.25"]
[SourceQuality "1"]

1. d4 Nf6 2. c4 c5 3. e3 cxd4 4. exd4 d5 5. Nc3 e6 6. Nf3 Be7 7. Qb3 0-0 8. Bd3 dxc4 9. Bxc4 Nc6 10. Qd1 Nb4 11. 0-0 b6 12. Ne5 Bb7 13. a3 Nbd5 14. Ne2 Rc8 15. Qd3 Nd7 16. Nxd7 Qxd7 17. Bd2 Rfd8 18. Rac1 Nf6 19. Be3 Be4 20. Qb3 Bd5 21. Nf4 Bxc4 22. Rxc4 Rxc4 23. Qxc4 Rc8 24. Qe2 h6 25. h3 Bd6 26. Nd3 Qb5 27. Rc1 Rxc1+ 28. Bxc1 Nd5 29. Qc2 Qd7 30. Ne5 Bxe5 31. dxe5 Qc7 32. Qxc7 Nxc7 33. Kf1 Kf8 34. Ke2 Ke7 35. Kd3 Kd7 36. Kc4 Kc6 37. a4 a6 38. b4 b5+ 39. axb5+ axb5+ 40. Kd4 Nd5 41. Bd2 h5 42. g4 hxg4 43. hxg4 Nb6 44. f4 g6 45. Ke4 Nc4 46. Bc3 Na3 47. f5 gxf5+ 48. gxf5 Nc4 49. fxe6 fxe6 50. Be1 Nb6 51. Bf2 Nd5 52. Be1 Ne7 53. Bd2 Nf5 54. Be1 Kd7 55. Bf2 Ke7 56. Kf4 Kf7 57. Kg5 Ne7 58. Bc5 Nd5 59. Bd6 Ke8 60. Kg6 Kd7 61. Kf7 Nc3 62. Bf8 Ne4 63. Bh6 Nf2 64. Bf8 Nd3 65. Bd6 Nb2 66. Kf6 Nc4 67. Bc5 Nd2 68. Kf7 Ne4 69. Be3 Nc3 70. Bc5 Ne2 71. Kf6 Nf4 72. Bd6 Kc6 73. Bf8 Kd5 74. Bc5 Nd3 75. Bd6 Nf2 76. Kg5 Ne4+ 0-1

[Event "Girona-ch Seniors"]
[Site "Girona"]
[Date "2015.??.??"]
[Round "1.7"]
[White "Voegeli, Max"]
[Black "Carraminana Puig, Jordi"]
[Result "0-1"]
[WhiteElo "1700"]
[BlackElo "1912"]
[PlyCount "77"]
[EventDate "2015.02.10"]
[EventType "tourn"]
[EventRounds "6"]
[EventCountry "ESP"]
[SourceTitle "EXT 2024"]
[Source "ChessBase"]
[SourceDate "2023.10.10"]
[SourceVersion "1"]
[SourceVersionDate "2023.10.10"]
[SourceQuality "1"]

1. e4 e6 2. Nf3 c5 3. Nc3 Nc6 4. Bb5 Nge7 5. d4 a6 6. Bxc6 Nxc6 7. d5 exd5 8. exd5 Qe7+ 9. Qe2 Qxe2+ 10. Nxe2 Nb4 11. Kd1 Nxd5 12. Re1 d6 13. Nc3+ Ne7 14. Nd5 Kd8 15. Nb6 Rb8 16. Ng5 Bg4+ 17. f3 Bh5 18. g4 Bg6 19. h4 h6 20. Ne4 Kc7 21. Nc4 Nd5 22. Ne3 Nxe3+ 23. Rxe3 Re8 24. Nc3 Rxe3 25. Bxe3 Kc6 26. Ne2 Be7 27. h5 Bh7 28. a3 Re8 29. Bd2 f5 30. Bc3 Bf6 31. Bxf6 gxf6 32. gxf5 Re3 33. Kd2 Rxf3 34. Rg1 Bxf5 35. Ng3 Bh7 36. Ke2 Rf4 37. Ke3 Rh4 38. Rf1 Rh3 39. Rg1 0-1

[Event "Santa Eugenia op 9th"]
[Site "Santa Eugenia"]
[Date "2014.05.16"]
[Round "4"]
[White "Huici Bentue, David"]
[Black "Carraminana Puig, Jordi"]
[Result "1-0"]
[WhiteElo "2167"]
[BlackElo "1915"]
[PlyCount "69"]
[EventDate "2014.04.25"]
[EventType "swiss"]
[EventRounds "9"]
[EventCountry "ESP"]
[SourceTitle "EXT 2015"]
[Source "ChessBase"]
[SourceDate "2014.11.20"]
[SourceVersion "1"]
[SourceVersionDate "2014.11.20"]
[SourceQuality "1"]

1. e4 e6 2. d4 d5 3. exd5 exd5 4. Nf3 Bd6 5. c4 c6 6. cxd5 cxd5 7. Ne5 Qe7 8. Nc3 Nf6 9. Bb5+ Nbd7 10. 0-0 0-0 11. Re1 Qd8 12. Bg5 Be7 13. Bxd7 Bxd7 14. Bxf6 gxf6 15. Nxd7 Qxd7 16. Nxd5 Qxd5 17. Rxe7 Kh8 18. Qd3 Rg8 19. Qe4 Qg5 20. Rxf7 Qh6 21. Re1 Rac8 22. Qf5 Rc6 23. d5 Rb6 24. g3 Qg6 25. Qxg6 hxg6 26. Ree7 Rd8 27. Rxb7 Kg8 28. Rxb6 Kxf7 29. Rb7+ Kf8 30. Rxa7 Rxd5 31. b4 Rb5 32. a3 g5 33. Kg2 Rb6 34. Kf3 Ke8 35. Kg4 1-0

[Event "Girona-ch Seniors"]
[Site "Girona"]
[Date "2014.03.11"]
[Round "5.4"]
[White "Carraminana Puig, Jordi"]
[Black "Nicolau Serrato, Manel"]
[Result "1-0"]
[WhiteElo "1915"]
[BlackElo "2064"]
[PlyCount "103"]
[EventDate "2014.02.11"]
[EventType "swiss"]
[EventRounds "6"]
[EventCountry "ESP"]
[SourceTitle "EXT 2024"]
[Source "ChessBase"]
[SourceDate "2023.10.10"]
[SourceVersion "1"]
[SourceVersionDate "2023.10.10"]
[SourceQuality "1"]

1. d4 d5 2. c4 c6 3. e3 Nf6 4. Nd2 Bf5 5. Ngf3 e6 6. Be2 Bd6 7. a3 Nbd7 8. Nh4 Bg6 9. h3 0-0 10. Nxg6 fxg6 11. 0-0 Rc8 12. c5 Bb8 13. f4 Qc7 14. Nf3 Ne4 15. Qe1 g5 16. Bd3 gxf4 17. exf4 Ndf6 18. Ne5 Qe7 19. Qh4 Qe8 20. g4 Bxe5 21. fxe5 Nd7 22. Be3 Qg6 23. Qe7 Nb8 24. Rxf8+ Rxf8 25. Rf1 Re8 26. Qh4 Nd7 27. Rf4 h6 28. b4 b6 29. Qe1 b5 30. Bc1 Rf8 31. Rxe4 dxe4 32. Bxe4 Qf7 33. Bxc6 a6 34. Bg2 Rd8 35. d5 Nf8 36. d6 Ng6 37. Qg3 Ne7 38. c6 Nd5 39. c7 Nxc7 40. Qe3 Ne8 41. Qb6 Rc8 42. Bc6 Nf6 43. exf6 Qxf6 44. d7 Rf8 45. Bg2 Rd8 46. Qd6 Kh8 47. Be3 Qf7 48. Bc6 Rf8 49. Qd1 Qf6 50. Bb6 Rd8 51. Bxd8 Qxd8 52. Qd6 1-0

[Event "Girona-ch Seniors"]
[Site "Girona"]
[Date "2014.03.04"]
[Round "4.7"]
[White "Carraminana Puig, Jordi"]
[Black "Garcia Calleja, Rafael"]
[Result "1-0"]
[WhiteElo "1915"]
[BlackElo "1825"]
[PlyCount "127"]
[EventDate "2014.02.11"]
[EventType "swiss"]
[EventRounds "6"]
[EventCountry "ESP"]
[SourceTitle "EXT 2024"]
[Source "ChessBase"]
[SourceDate "2023.10.10"]
[SourceVersion "1"]
[SourceVersionDate "2023.10.10"]
[SourceQuality "1"]

1. d4 b6 2. c4 Bb7 3. Nc3 e6 4. a3 Nf6 5. e3 Be7 6. Nf3 d5 7. Be2 dxc4 8. Bxc4 0-0 9. 0-0 c5 10. dxc5 Qxd1 11. Rxd1 Bxf3 12. gxf3 Bxc5 13. b4 Be7 14. Bb2 Nc6 15. Kg2 Ne5 16. Be2 Ng6 17. Rd2 Rfd8 18. Rad1 Rxd2 19. Rxd2 a5 20. b5 Nh4+ 21. Kf1 Ng6 22. Na4 Rd8 23. Rxd8+ Bxd8 24. Nc3 Bc7 25. h3 Nd7 26. f4 Ne7 27. Bf3 Nc5 28. Ke2 e5 29. fxe5 Bxe5 30. Bg2 Bc7 31. Nd5 Nxd5 32. Bxd5 Kf8 33. Bd4 Bd6 34. e4 f6 35. Ke3 Na4 36. Bb3 Nc5 37. Bc2 h6 38. f4 Nd7 39. a4 Ke7 40. h4 Bc5 41. Kd3 Bxd4 42. Kxd4 Kd6 43. h5 Nc5 44. e5+ fxe5+ 45. fxe5+ Ke6 46. Bd1 Ke7 47. Kd5 Kd7 48. Bc2 Ke7 49. Kc6 Nd7 50. Bf5 Nxe5+ 51. Kxb6 Nc4+ 52. Kc7 Nd6 53. Bg4 Ne8+ 54. Kb6 Kd8 55. Kxa5 Kc7 56. b6+ Kb8 57. Kb5 Nd6+ 58. Kc6 Nc4 59. Be6 Na5+ 60. Kb5 Nb7 61. a5 Nd6+ 62. Kc6 Nc8 63. a6 Ne7+ 64. Kb5 1-0

[Event "Girona Territorial-ch"]
[Site "Girona"]
[Date "2013.10.20"]
[Round "4"]
[White "Mas Recorda, Pere"]
[Black "Carraminana Puig, Jordi"]
[Result "1-0"]
[WhiteElo "2032"]
[BlackElo "1754"]
[PlyCount "60"]
[EventDate "2013.09.22"]
[EventType "swiss"]
[EventRounds "9"]
[EventCountry "ESP"]
[SourceTitle "EXT 2015"]
[Source "ChessBase"]
[SourceDate "2014.11.20"]
[SourceVersion "1"]
[SourceVersionDate "2014.11.20"]
[SourceQuality "1"]

1. d4 e6 2. c4 d5 3. Nc3 Nf6 4. cxd5 exd5 5. Bg5 Be7 6. Qc2 c6 7. e3 Be6 8. Bd3 Nbd7 9. Nge2 h6 10. Bxf6 Nxf6 11. 0-0 0-0 12. f3 Rc8 13. Rad1 Qc7 14. Nf4 Bd7 15. Bf5 Rfd8 16. Bxd7 Qxd7 17. e4 g5 18. Nfe2 dxe4 19. fxe4 Ng4 20. Qd3 Ne5 21. Qg3 Ng6 22. Qf3 Bf8 23. Ng3 Nh4 24. Qh5 Qe6 25. e5 Bg7 26. Nce4 Qg6 27. Qg4 Rc7 28. Nh5 Re7 29. Nhf6+ Kh8 30. g3 h5 1-0

[Event "Santa Eugenia op 7th"]
[Site "Santa Eugenia"]
[Date "2013.03.01"]
[Round "8"]
[White "Aymerich Verdaguer, Eduard"]
[Black "Carraminana Puig, Jordi"]
[Result "1-0"]
[WhiteElo "1880"]
[BlackElo "1790"]
[PlyCount "49"]
[EventDate "2013.01.11"]
[EventType "swiss"]
[EventRounds "9"]
[EventCountry "ESP"]
[SourceTitle "EXT 2014"]
[Source "ChessBase"]
[SourceDate "2013.11.20"]
[SourceVersion "1"]
[SourceVersionDate "2013.11.20"]
[SourceQuality "1"]

1. Nf3 Nf6 2. c4 e6 3. Nc3 d5 4. d4 c5 5. cxd5 exd5 6. g3 Nc6 7. Bg2 Bf5 8. 0-0 Rc8 9. Bg5 h6 10. Bxf6 Qxf6 11. Nxd5 Qd6 12. dxc5 Qxc5 13. Rc1 Qa5 14. Qb3 b6 15. Nh4 Bd7 16. Qe3+ Kd8 17. Rfd1 Bc5 18. Qf4 f5 19. Ng6 Re8 20. Qh4+ Ne7 21. b4 Bxb4 22. Rxc8+ Kxc8 23. Ngxe7+ Bxe7 24. Nxe7+ Kc7 25. Qf4+ 1-0

[Event "Girona Province-ch Seniors"]
[Site "Girona"]
[Date "2013.02.14"]
[Round "2"]
[White "Carraminana Puig, Jordi"]
[Black "Estelle Estrada, Joan"]
[Result "1-0"]
[WhiteElo "1790"]
[BlackElo "1349"]
[PlyCount "33"]
[EventDate "2013.02.07"]
[EventType "swiss"]
[EventRounds "6"]
[EventCountry "ESP"]
[SourceTitle "EXT 2017"]
[Source "ChessBase"]
[SourceDate "2016.10.25"]
[SourceVersion "1"]
[SourceVersionDate "2016.10.25"]
[SourceQuality "1"]

1. d4 f5 2. Bg5 Nf6 3. Nc3 e6 4. e4 Be7 5. exf5 exf5 6. Bd3 Ne4 7. Bxe7 Qxe7 8. Nxe4 d5 9. Qe2 fxe4 10. Bb5+ c6 11. Ba4 0-0 12. 0-0-0 Qg5+ 13. Qd2 Qxg2 14. Ne2 Rxf2 15. Rdg1 Qf3 16. Qg5 Nd7 17. Qxg7# 1-0

[Event "Santa Eugenia op 7th"]
[Site "Santa Eugenia"]
[Date "2013.02.08"]
[Round "5"]
[White "Carraminana Puig, Jordi"]
[Black "Saurina Suner, Francesc Xavier"]
[Result "0-1"]
[WhiteElo "1790"]
[BlackElo "1867"]
[PlyCount "76"]
[EventDate "2013.01.11"]
[EventType "swiss"]
[EventRounds "9"]
[EventCountry "ESP"]
[SourceTitle "EXT 2014"]
[Source "ChessBase"]
[SourceDate "2013.11.20"]
[SourceVersion "1"]
[SourceVersionDate "2013.11.20"]
[SourceQuality "1"]

1. d4 d5 2. c4 c6 3. e3 Nf6 4. Nf3 e6 5. Nc3 Nbd7 6. cxd5 exd5 7. Bd3 Bd6 8. 0-0 0-0 9. Re1 Re8 10. Qc2 Qc7 11. h3 b6 12. e4 dxe4 13. Nxe4 h6 14. Nxd6 Rxe1+ 15. Nxe1 Qxd6 16. Nf3 Bb7 17. Be3 Nd5 18. a3 Re8 19. Re1 c5 20. dxc5 Nxc5 21. Bb5 Nxe3 22. Rxe3 Rxe3 23. fxe3 Bxf3 24. gxf3 Qg3+ 25. Qg2 Qe1+ 26. Kh2 Qxe3 27. Qe2 Qxe2+ 28. Bxe2 f5 29. Kg3 Kf7 30. h4 Kf6 31. Bc4 g5 32. b3 Ke5 33. h5 a5 34. b4 axb4 35. axb4 Ne6 36. Ba2 Nf4 37. Bf7 Kf6 38. Be8 Ke7 0-1

[Event "Girona Provincial-ch"]
[Site "Girona"]
[Date "2011.11.06"]
[Round "5"]
[White "Carraminana Puig, Jordi"]
[Black "Pinsach Gelabert, Alexandre"]
[Result "0-1"]
[WhiteElo "1805"]
[BlackElo "1906"]
[PlyCount "40"]
[EventDate "2011.10.09"]
[EventType "swiss"]
[EventRounds "9"]
[EventCountry "ESP"]
[SourceTitle "EXT 2013"]
[Source "ChessBase"]
[SourceDate "2012.11.22"]
[SourceVersion "1"]
[SourceVersionDate "2012.11.22"]
[SourceQuality "1"]

1. d4 d5 2. c4 e6 3. Nc3 c5 4. e3 Nf6 5. Nf3 Nc6 6. a3 cxd4 7. exd4 Be7 8. Be2 dxc4 9. Bxc4 0-0 10. 0-0 b6 11. Re1 Bb7 12. Bf4 Na5 13. Be2 Nd5 14. Bd2 Bf6 15. Ne4 Nf4 16. Nxf6+ Qxf6 17. Bf1 Nh3+ 18. gxh3 Bxf3 19. Qc2 Nb3 20. Re5 Nxd4 0-1

[Event "Girona Provincial-ch"]
[Site "Girona"]
[Date "2011.10.12"]
[Round "2"]
[White "Triadu Cassa, Jordi"]
[Black "Carraminana Puig, Jordi"]
[Result "1-0"]
[WhiteElo "2111"]
[BlackElo "1805"]
[PlyCount "39"]
[EventDate "2011.10.09"]
[EventType "swiss"]
[EventRounds "9"]
[EventCountry "ESP"]
[SourceTitle "EXT 2013"]
[Source "ChessBase"]
[SourceDate "2012.11.22"]
[SourceVersion "1"]
[SourceVersionDate "2012.11.22"]
[SourceQuality "1"]

1. e4 g6 2. d4 d6 3. Nc3 Bg7 4. Nf3 Nd7 5. Bc4 Ngf6 6. Bxf7+ Kf8 7. e5 Ne8 8. Ng5 Nxe5 9. dxe5 Bxe5 10. Be6 Ng7 11. Nf7 Qe8 12. Bxc8 Rxc8 13. Nxh8 Nf5 14. Be3 Bxh8 15. 0-0 e6 16. Ne2 Qc6 17. Nd4 Qe4 18. Nxf5 gxf5 19. Bh6+ Ke7 20. Qf3 1-0